000 00282nam a22001337a 4500
008 170502b xxu||||| |||| 00| 0 eng d
020 _a9780072973105
041 _aeng
080 _a342
100 _a13
101 _aSHJ
245 _aNEGATIATION
_cLEWICKI.R.J
942 _2udc
_cBK
999 _c12423
_d12423